MTB Bike Brand Logo Quiz - Statistics

General Stats
  • This quiz has been taken 163 times
  • The average score is 8 of 16
Answer Stats
Picture Answer % Correct
Commencal
86%
Specialized
85%
Trek
77%
Cube
70%
YT
68%
Scott
66%
Canyon
65%
Santa Cruz
53%
Kona
52%
Giant
47%
Cannondale
41%
Transition
41%
Pivot
40%
Ibis
26%
Intense
10%
Superior
4%
No matching quizzes found
Score Distribution
Percent of People with Each Score
Percentile by Number Answered
Your Score History
You have not taken this quiz